000 00566nam a2200181Ia 4500
008 090124s9999 xx 000 0 und d
082 _b13939
_a1718
100 _aकालेलकर मधुसूदन
245 _a अपराध मीच केला
250 _a1
260 _c1964
300 _a112
600 _aकालेलकर मधुसूदन
630 _a अपराध मीच केला
700 _aकालेलकर मधुसूदन
730 _a अपराध मीच केला
942 _cBOOK
999 _c127879
_d127879